• 首页
  • 本馆介绍
  • 公告通知
  • 最新文献
  • 馆藏检索
  • 电子资源
  • 读者导购
  • 参考咨询
  • 我的图书馆
  • 登录
  • 详细信息显示
  • 放入我的书架
  • 预约/预借图书
  • 作者相关作品
  • 分类相关作品
  • 丛书相关作品
  • 出版社相关作品

书目信息

  • 表格格式
  • 工作单格式
  • 卡片格式
题名:
高校音乐与舞蹈艺术鉴赏
    
 
作者: 李婷 , 杜珊珊 , 相快转 编著
分册:  
出版信息: 北京   中国原子能出版社  2021.6
页数: 253页
开本: 26cm
丛书名:
单 册:
中图分类: J605 , J705
科图分类:
主题词: 音乐欣赏--研究 , 舞蹈艺术--鉴赏--研究
电子资源:
ISBN: 978-7-5221-0768-4
000 01033nam0 2200277 45
001 012001001743
005 20141011105606.0
010    @a978-7-5221-0768-4@dCNY78.00
100    @a20210205d2020 em y0chiy50 ea
101 0  @achi
102    @aCN@b110000
105    @aag z 000yy
106    @ar
200 1  @a高校音乐与舞蹈艺术鉴赏@Agao xiao yin yue yu wu dao yi shu jian shang@f李婷,杜珊珊,相快转编著
210    @a北京@c中国原子能出版社@d2021.6
215    @a253页@c图@d26cm
330    @a本书结合高校艺术教育的具体要求对中西方不同形式的音乐舞蹈艺术进行了论述。音乐艺术鉴赏部分包括音乐鉴赏的基本理论、乐理知识、中西方声乐艺术和器乐艺术。舞蹈艺术鉴赏部分包括舞蹈的艺术特征、发展脉络、鉴赏方法,以及不同类型的经典舞蹈作品。
606 0  @a音乐欣赏@x研究
606 0  @a舞蹈艺术@x鉴赏@x研究
690    @aJ605@v5
690    @aJ705@v5
701  0 @a李婷@Ali ting@4编著
701  0 @a杜珊珊@Adu shan shan@4编著
701  0 @a相快转@Axiang kuai zhuan@4编著
801  0 @aCN@b江苏凤凰@c20211018
905    @b1345543-6@dJ605@e1367@f4
    
    高校音乐与舞蹈艺术鉴赏/李婷,杜珊珊,相快转编著.-北京:中国原子能出版社,2021.6
    253页:图;26cm
    
    
    ISBN 978-7-5221-0768-4:CNY78.00
    本书结合高校艺术教育的具体要求对中西方不同形式的音乐舞蹈艺术进行了论述。音乐艺术鉴赏部分包括音乐鉴赏的基本理论、乐理知识、中西方声乐艺术和器乐艺术。舞蹈艺术鉴赏部分包括舞蹈的艺术特征、发展脉络、鉴赏方法,以及不同类型的经典舞蹈作品。
●
相关链接 在E读中查询图书 在五车中查询图书 在当当中查询图书 在豆瓣中查询图书


正题名:高校音乐与舞蹈艺术鉴赏     索取号:J605/1367         预约/预借

序号 登录号 条形码 馆藏地/架位号 状态 备注
1 1345543   213455438   第一样本阅览室/ [索取号:J605/1367] 在馆    
2 1345544   213455447   第一借阅区/ [索取号:J605/1367] 在馆    
3 1345545   213455456   第一借阅区/ [索取号:J605/1367] 在馆    
4 1345546   213455465   第一借阅区/ [索取号:J605/1367] 在馆    
唐山师范学院图书馆 欢迎您!
大连网信软件有限公司© 版权所有